Práca, mzdy a odmeňovanie mesačník s bezkonkurenčným počtom aktualít a tipov z personálneho a mzdového poradenstva

Bibliographic Details
Format: Journal
Language:Slovak
PhysicalDescription:zv. 30 cm
Č. 1-6/2006 je vydaný na CD-Rome: Archív časopisov PP (CD-ROM)
Published: Žilina Poradca podnikateľa, spol. s r.o. 2000-
ISSN:1335-7115
Subjects:
Online Access:http://www.mzdovecentrum.sk/

MARC

LEADER 00000cas a2200000 a 4500
001 vtls008426895
003 SK-MaSNL
005 20260228160924.0
008 060130c20069999xo mr p 0 b0slo
022 |a 1335-7115 
035 |a (SVKBB03)vtls000225158 
040 |a SNK  |b slo  |c SNK  |d STUSCHK1  |d SVKBB  |d SAVUK  |e AACR2 
041 0 |a slo 
044 |a xo  |c SK 
072 7 |a 331  |x Práca  |2 konspekt 
080 |a 331  |2 2011 
080 |a 659.2  |2 2011 
080 |a 331.2  |2 2001 
080 |a 050  |2 2011 
210 0 |a Pr. mzdy odmeňov. 
222 0 |a Práca, mzdy a odmeňovanie 
245 0 0 |a Práca, mzdy a odmeňovanie  |b mesačník s bezkonkurenčným počtom aktualít a tipov z personálneho a mzdového poradenstva 
260 |a Žilina  |b Poradca podnikateľa, spol. s r.o.  |c 2000- 
300 |a zv.  |c 30 cm 
310 |a 11x ročne  |b 2011- 
321 |a 6x ročne  |b 2006-2010 
321 |a 2x ročne  |b 2000-2/2006 
362 0 |a 2000-č. 2 (2006) ; Nová séria roč. I, č. 1 (2006)- 
500 |a Do č. 2/2006 vychádzal ako príloha časopisu: Personálny a mzdový poradca podnikateľa, v roku 2006 začal vychádzať samostatne, ISSN je zhodné 
500 |a Podnázov: v r. 2006-2010, dvojmesačník s bezkonkurenčným počtom aktualít a tipov z personálneho a mzdového poradenstva ; od r. 2011, mesačník s bezkonkurenčným počtom aktualít a tipov z personálneho a mzdového poradenstva 
500 |a Redaktori sa menia 
500 |a Evidenčné číslo: EV 3311/09 
530 |a Č. 1-6/2006 je vydaný na CD-Rome: Archív časopisov PP (CD-ROM) 
650 0 7 |a mzdy  |2 SNKPH  |9 2316 
650 0 7 |a poradenstvo  |2 SNKPH  |9 3604 
650 0 7 |a práca  |2 SNKPH  |9 2337 
655 7 |a odborné časopisy  |2 SNKPH  |9 70505 
850 |a Slovenská chemická knižnica v Bratislave 
856 4 1 |u http://www.mzdovecentrum.sk/ 
910 |a savuk 
910 |a snk 
910 |a svkbb 
910 |a TUSCHK1 
916 |a 2006-2014, 2015-2020, 2021 
999 |c 3920  |d 5850 
952 |0 0  |1 0  |4 0  |7 0  |8 0  |a SNK  |b SNK  |d 2015-07-16  |f 1  |i snk2015/21946  |l 0  |o snkČSB 5942/9/2014  |p 17A1145118  |r 2026-02-21 19:35:42  |t č. 1-11 + príl.  |w 2026-02-21  |y PREZ  |z príloha: Katalóg Education 2014 v č. 1 
952 |0 0  |1 0  |4 0  |7 0  |8 0  |a SNK  |b SNK  |d 2025-02-28  |i snk2025/3608  |l 0  |o snkČSB 5942/18/2023  |p 17A1525586  |r 2026-02-21 19:41:51  |t č. 1-11  |w 2026-02-21  |y PREZ  |z Č. 1/2023 má na titulnej strane chybne uvedený roč. 17 
952 |0 0  |1 0  |4 0  |7 0  |8 0  |a SNK  |b SNK  |d 2025-02-28  |i snk2025/3609  |l 0  |o snkČSB 5942/19/2024  |p 17A1525587  |r 2026-02-21 19:41:51  |t č. 1-11  |w 2026-02-21  |y PREZ 
952 |0 0  |1 0  |4 0  |7 0  |8 0  |a SNK  |b SNK  |d 2023-12-04  |i snk2023/17664  |l 0  |o snkČSB 5942/17/2022  |p 17A1522180  |r 2026-02-21 19:47:41  |t č. 1-11  |w 2026-02-21  |y PREZ 
952 |0 0  |1 0  |4 0  |7 0  |8 0  |a SNK  |b SNK  |d 2021-07-02  |i snk2021/8013  |l 0  |o snkČSB 5942/13/2018 D1  |p 17A1435117  |r 2026-02-21 19:59:46  |t č. 1-11  |w 2026-02-21  |y PREZ 
952 |0 0  |1 0  |4 0  |7 0  |8 0  |a SNK  |b SNK  |d 2021-07-02  |f 1  |i snk2021/8017  |l 0  |o snkČSB 5942/14/2019  |p 17A1435118  |r 2026-02-21 19:59:46  |t č. 1-11  |w 2026-02-21  |y PREZ 
952 |0 0  |1 0  |4 0  |7 0  |8 0  |a SNK  |b SNK  |d 2021-07-02  |f 1  |i snk2021/8019  |l 0  |o snkČSB 5942/15/2020  |p 17A1435119  |r 2026-02-21 19:59:46  |t č. 1-11  |w 2026-02-21  |y PREZ 
952 |0 0  |1 0  |4 0  |7 0  |8 0  |a SNK  |b SNK  |d 2023-02-22  |f 1  |i snk2023/3164  |l 0  |o snkČSB 5942/16/2021  |p 17A1519928  |r 2026-02-21 20:02:39  |t č. 1-11  |w 2026-02-21  |y PREZ 
952 |0 0  |1 0  |4 0  |7 0  |8 0  |a SNK  |b SNK  |d 2022-04-14  |i snk2022/5613  |l 0  |o snkČSB 5942/14/2019 D1  |p 17A1462238  |r 2026-02-21 20:11:13  |t č. 1-11  |w 2026-02-21  |y PREZ  |z č. 1-11 
952 |0 0  |1 0  |4 0  |7 0  |8 0  |a SNK  |b SNK  |d 2022-04-14  |i snk2022/5614  |l 0  |o snkČSB 5942/15/2020 D1  |p 17A1462239  |r 2026-02-21 20:11:13  |t č. 1-11  |w 2026-02-21  |y PREZ  |z č. 1-11 
952 |0 0  |1 0  |4 0  |7 0  |8 0  |a SNK  |b SNK  |d 2018-04-25  |i snk2018/9352  |l 0  |o snkČSB 5942/11/2016 D1  |p 17A1324561  |r 2026-02-21 20:23:21  |t č. 1-11  |w 2026-02-21  |y PREZ 
952 |0 0  |1 0  |4 0  |7 0  |8 0  |a SNK  |b SNK  |d 2018-04-25  |f 1  |i snk2018/9364  |l 0  |o snkČSB 5942/12/2017  |p 17A1324560  |r 2026-02-21 20:30:11  |t č. 1-11  |w 2026-02-21  |y PREZ 
952 |0 0  |1 0  |4 0  |7 0  |8 0  |a SNK  |b SNK  |d 2014-12-19  |f 1  |i snk2014/28287  |l 0  |o snkČSB 5942/1/2006  |p 17A0870916  |r 2026-02-21 20:42:53  |t č. 1-6  |w 2026-02-21  |y PREZ 
952 |0 0  |1 0  |4 0  |7 0  |8 0  |a SNK  |b SNK  |d 2014-12-19  |i snk2014/28288  |l 0  |o snkČSB 5942/1/2006 D1  |p 17A0870924  |r 2026-02-21 20:42:53  |t č. 1-6  |w 2026-02-21  |y PREZ 
952 |0 0  |1 0  |4 0  |7 0  |8 0  |a SNK  |b SNK  |d 2014-12-19  |f 1  |i snk2014/28292  |l 0  |o snkČSB 5942/2/2007  |p 17A0870915  |r 2026-02-21 20:42:53  |t č. 1-6  |w 2026-02-21  |y PREZ 
952 |0 0  |1 0  |4 0  |7 0  |8 0  |a SNK  |b SNK  |d 2014-12-19  |i snk2014/28294  |l 0  |o snkČSB 5942/2/2007 D1  |p 17A0870923  |r 2026-02-21 20:42:53  |t č. 1-6  |w 2026-02-21  |y PREZ 
952 |0 0  |1 0  |4 0  |7 0  |8 0  |a SNK  |b SNK  |d 2014-12-19  |f 1  |i snk2014/28295  |l 0  |o snkČSB 5942/3/2008  |p 17A0870914  |r 2026-02-21 20:42:53  |t č. 1-6  |w 2026-02-21  |y PREZ 
952 |0 0  |1 0  |4 0  |7 0  |8 0  |a SNK  |b SNK  |d 2014-12-19  |i snk2014/28296  |l 0  |o snkČSB 5942/3/2008 D1  |p 17A0870922  |r 2026-02-21 20:42:53  |t č. 1-6  |w 2026-02-21  |y PREZ 
952 |0 0  |1 0  |4 0  |7 0  |8 0  |a SNK  |b SNK  |d 2014-12-19  |f 1  |i snk2014/28299  |l 0  |o snkČSB 5942/4/2009  |p 17A0870913  |r 2026-02-21 20:42:54  |t č. 1-6  |w 2026-02-21  |y PREZ  |z Obsahuje príl. v č. 1 
952 |0 0  |1 0  |4 0  |7 0  |8 0  |a SNK  |b SNK  |d 2014-12-19  |i snk2014/28301  |l 0  |o snkČSB 5942/4/2009 D1  |p 17A0870921  |r 2026-02-21 20:42:54  |t č. 1-6  |w 2026-02-21  |y PREZ  |z Bez prílohy 
952 |0 0  |1 0  |4 0  |7 0  |8 0  |a SNK  |b SNK  |d 2014-12-19  |f 1  |i snk2014/28302  |l 0  |o snkČSB 5942/5/2010  |p 17A0870912  |r 2026-02-21 20:42:54  |t č. 1-6  |w 2026-02-21  |y PREZ  |z Obsahuje príl. v č. 1,2 
952 |0 0  |1 0  |4 0  |7 0  |8 0  |a SNK  |b SNK  |d 2014-12-19  |i snk2014/28303  |l 0  |o snkČSB 5942/5/2010 D1  |p 17A0870920  |r 2026-02-21 20:42:58  |t č. 1-6  |w 2026-02-21  |y PREZ  |z Obsahuje príl. v č. 1 ; Príl. v č. 2 chýba 
952 |0 0  |1 0  |4 0  |7 0  |8 0  |a SNK  |b SNK  |d 2014-12-19  |f 1  |i snk2014/28304  |l 0  |o snkČSB 5942/6/2011  |p 17A0870911  |r 2026-02-21 20:42:58  |t č. 1-11  |w 2026-02-21  |y PREZ  |z Obsahuje príl. v č. 1 
952 |0 0  |1 0  |4 0  |7 0  |8 0  |a SNK  |b SNK  |d 2014-12-19  |i snk2014/28305  |l 0  |o snkČSB 5942/6/2011 D1  |p 17A0870919  |r 2026-02-21 20:42:58  |t č. 1-11  |w 2026-02-21  |y PREZ  |z Obsahuje príl. v č. 1 
952 |0 0  |1 0  |4 0  |7 0  |8 0  |a SNK  |b SNK  |d 2014-12-19  |f 1  |i snk2014/28307  |l 0  |o snkČSB 5942/7/2012  |p 17A0870910  |r 2026-02-21 20:42:58  |t č. 1-11  |w 2026-02-21  |y PREZ  |z Obsahuje príl. v č. 1 
952 |0 0  |1 0  |4 0  |7 0  |8 0  |a SNK  |b SNK  |d 2014-12-19  |i snk2014/28308  |l 0  |o snkČSB 5942/7/2012 D1  |p 17A0870918  |r 2026-02-21 20:42:58  |t č. 1-11  |w 2026-02-21  |y PREZ  |z Chýba príl. v č. 1 
952 |0 0  |1 0  |4 0  |7 0  |8 0  |a SNK  |b SNK  |d 2014-12-19  |f 1  |i snk2014/28311  |l 0  |o snkČSB 5942/8/2013  |p 17A0870909  |r 2026-02-21 20:42:58  |t č. 1-11  |w 2026-02-21  |y PREZ 
952 |0 0  |1 0  |4 0  |7 0  |8 0  |a SNK  |b SNK  |d 2014-12-19  |i snk2014/28312  |l 0  |o snkČSB 5942/8/2013 D1  |p 17A0870917  |r 2026-02-21 20:42:58  |t č. 1-11  |w 2026-02-21  |y PREZ 
952 |0 0  |1 0  |4 0  |7 0  |8 0  |a SNK  |b SNK  |d 2023-10-17  |i snk2023/14989  |l 0  |o snkČSB 5942/16/2021 D1  |p 17A1521285  |r 2026-02-21 21:39:20  |t č. 1-11  |w 2026-02-21  |y PREZ 
952 |0 0  |1 0  |4 0  |7 0  |8 0  |a SNK  |b SNK  |d 2016-07-08  |i snk2016/16951  |l 0  |o snkČSB 5942/9/2014 D1  |p 17A1100243  |r 2026-02-21 21:47:33  |t č. 1-11  |w 2026-02-21  |y PREZ 
952 |0 0  |1 0  |4 0  |7 0  |8 0  |a SNK  |b SNK  |d 2016-07-08  |f 1  |i snk2016/16954  |l 0  |o snkČSB 5942/10/2015  |p 17A1100242  |r 2026-02-21 21:47:33  |t č. 1-11  |w 2026-02-21  |y PREZ 
952 |0 0  |1 0  |4 0  |7 0  |8 0  |a SNK  |b SNK  |d 2017-05-04  |f 1  |i snk2017/10237  |l 0  |o snkČSB 5942/11/2016  |p 17A1206623  |r 2026-02-21 22:11:01  |t č. 1-11  |w 2026-02-21  |y PREZ 
952 |0 0  |1 0  |4 0  |7 0  |8 0  |a SNK  |b SNK  |d 2017-05-04  |i snk2017/10239  |l 0  |o snkČSB 5942/10/2015 D1  |p 17A1206624  |r 2026-02-21 22:11:02  |t č. 1-11  |w 2026-02-21  |y PREZ 
952 |0 0  |1 0  |4 0  |7 0  |8 0  |a SNK  |b SNK  |d 2019-06-24  |i snk2019/17126  |l 0  |o snkČSB 5942/12/2017 D1  |p 17A1369075  |r 2026-02-21 22:14:39  |t č. 1-11  |w 2026-02-21  |y PREZ 
952 |0 0  |1 0  |4 0  |7 0  |8 0  |a SNK  |b SNK  |d 2019-06-24  |f 1  |i snk2019/17128  |l 0  |o snkČSB 5942/13/2018  |p 17A1369074  |r 2026-02-21 22:14:39  |t č. 1-11  |w 2026-02-21  |y PREZ